Länder nach Bild #6 - Statistiken

Allgemein
  • Dieses Quiz wurde 3.305 mal gespielt
  • Das Durchschnittsergebnis liegt bei 8 aus 14
Antwortstatistiken
Bildquiz Antwort % Korrekt
Vereinigtes Königreich
91%
Nordkorea
83%
Südafrika
80%
Italien
76%
China
69%
Israel | Palästina | Jordanien
57%
Afghanistan
53%
Nicaragua
52%
Irak
50%
Österreich
50%
Tansania
41%
Spanien
32%
Russland
31%
Namibia
27%
Keine übereinstimmenden Quizze gefunden
Verteilung der Resultate
Anzahl Personen mit jedem Resultat
Perzentil nach korrekt beantworteten Fragen
Ihre Resultats-Entwicklung
Sie haben dieses Quiz noch nicht gespielt